000 00667nam a22002177a 4500
003 UA-OsUOA
001 79387
007 ta
008 20111109b un ||||| |||| 00| 0 ukr d
100 _aПідлубна О.Д.
090 _a330(477)
_bП36
942 _cSA
040 _aUA-OsUOA
_bukr
_cUA-OsUOA
_dUA-OsUOA
245 _aОсновні чинники впливу на економічну ефективність виробництва насіння сої
300 _aС.31-35
955 _a0
041 _aukr
080 _a330(477)
773 0 _w79382
_tЕкономіка АПК
_dК.
_d2011
_g11
650 7 _a330 Економіка взагалі
_2UDC
999 _c365706
_d365706